00498nam a2200193 a 4500001001300000003000900013005001700022008004100039020001000080082001800090100002000108245002000128260004600148300000900194500003500203505002300238650002300261700002000284nice12345678IN_TiNIC20260116011441.0050524s1908 cala grp 000 0 eng  ac10000a301.0954bRIS aRisley, Herbert aPeople of India aCalcuttabThacker Spink and Companyc1908 a289p aincludes index and biblioraphy2 aAppendices, Plates aAnthropology-India1 aRisley, Herbert